000 01230cad a22002535a 4500
001 L147922
008 090702s2009 xxk f 000 a0eng d
035 _a(Sirsi) u147922
041 0 _aeng
050 0 4 _a338.4369 $2 18
110 2 _aRider Levett Bucknall
_95520
245 0 0 _aInternational construction cost commentary
_bupdate survey, May 2009
_h[electronic publication]
260 3 _aLondon
_bRLB
_c2009
490 0 _aRLB International Construction Cost Commentary
_vMay 2009
520 _aReports statistics on international construction markets and international construction costs as at May 2009. Reveals that economic conditions continue to worsen globally. Signs of improvement can be perceived in China. Suggests that construction markets worldwide experience difficulties, except civil and infrastructure markets which fare better due to extensive government programs.
521 _aAdvanced
590 _aKA
650 2 4 _aRLB INTERNATIONAL CONSTRUCTION COST COMMENTARY
651 4 _aInternational
690 _aBUILT ENVIRONMENT-BUILDING COSTS
690 _aBUILT ENVIRONMENT-CONSTRUCTION MARKET
856 4 0 _uhttps://www.rlb.com/index.html/
_zView the item free of charge at www.rlb.com...
942 _n0
999 _c109790
_d109790